000 00364nam a2200145Ia 4500
008 210210b1976 xxu||||| |||| 00| 0 eng d
082 _a530.42 CHAL
100 _aCHANDRASEKHAR (S).
245 _aLiquid crystals.
260 _aEngland
_bPhysics Trust Publications
_c1976
300 _a612-692
650 _aLiquid Crystals
690 _aPhysics
906 _a039787
999 _c89810
_d89810